Meilleurs TOTS sur FIFA 22 - Statistiques

Statistiques générales
  • Ce quiz a été pris 400 fois
    350 depuis la dernière actualisation
  • Le résultat moyen est 5 sur 8
Statistiques - réponses
Note Réponse % Correct
97 Messi
98%
97 Mbappé
95%
97 Ronaldo
91%
98 Benzema
81%
97 Lewandowski
76%
97 Modric
53%
97 Leao
31%
97 Kimmich
24%
Aucun quiz correspondant
Distribution des résultats
% des personnes avec chaque résultat
Percentile par nombre de réponses
Votre historique - résultats
Vous n’avez pas pris ce quiz depuis la dernière actualisation